00393nam a2200145Ia 4500100003100000250000600031942000700037654001300044245003300057260003500090300000800125546001200133999001700145952008500162 aShanley/Tom/ Anderson Don  a2 cBK acomputer aEISA Systems Architecture bAddison Wesley PubaNONEc1995 a207 aENGLISH c25633d25633 001040708CRCaCRCEbCRCEd2023-03-17l0o p10271r2023-03-17w2023-03-17yBK